Sociology of India/ (Record no. 11731)

MARC details
000 -LEADER
fixed length control field 00620nam a22002177a 4500
005 - DATE AND TIME OF LATEST TRANSACTION
control field 20260515115012.0
008 - FIXED-LENGTH DATA ELEMENTS--GENERAL INFORMATION
fixed length control field 240222b ||||| |||| 00| 0 eng d
020 ## - INTERNATIONAL STANDARD BOOK NUMBER
International Standard Book Number 9789358494242
040 ## - CATALOGING SOURCE
Original cataloging agency IN-DiNC
Transcribing agency IN-DiNC
041 ## - LANGUAGE CODE
Language code of sung or spoken text eng
082 ## - DEWEY DECIMAL CLASSIFICATION NUMBER
Classification number 301.0954
Item number BHU
100 ## - MAIN ENTRY--PERSONAL NAME
Personal name Bhuyan, Dilip Kumar
Relator term author
245 ## - TITLE STATEMENT
Title Sociology of India/
Statement of responsibility, etc. by Dilip Kumar Bhuyan, Moushumi Bordoloi and Panchi Pathak
250 ## - EDITION STATEMENT
Edition statement 1st ed.
260 ## - PUBLICATION, DISTRIBUTION, ETC.
Place of publication, distribution, etc. Dibrugarh:
Name of publisher, distributor, etc. Banalata,
Date of publication, distribution, etc. 2024.
300 ## - PHYSICAL DESCRIPTION
Extent 296p.
650 ## - SUBJECT ADDED ENTRY--TOPICAL TERM
Topical term or geographic name entry element Indian sociology
700 ## - ADDED ENTRY--PERSONAL NAME
Personal name Bordoloi, Moushumi
Relator term author
700 ## - ADDED ENTRY--PERSONAL NAME
Personal name Pathak, Panchi
Relator term author
942 ## - ADDED ENTRY ELEMENTS (KOHA)
Source of classification or shelving scheme Dewey Decimal Classification
Koha item type Books
Holdings
Withdrawn status Lost status Source of classification or shelving scheme Damaged status Not for loan Collection Home library Current library Shelving location Date acquired Cost, normal purchase price Total checkouts Full call number Barcode Date last seen Date last checked out Copy number Price effective from Koha item type
    Dewey Decimal Classification       Naharkatiya College Library Naharkatiya College Library General stacks 02/22/2024 350.00 5 301.0954 BHU 29939 02/16/2026 12/16/2025 1 02/22/2024 Books
    Dewey Decimal Classification       Naharkatiya College Library Naharkatiya College Library General stacks 02/22/2024 350.00 6 301.0954 BHU 29940 02/24/2026 02/16/2026 2 02/22/2024 Books
    Dewey Decimal Classification       Naharkatiya College Library Naharkatiya College Library General stacks 02/22/2024 350.00 11 301.0954 BHU 29941 03/06/2026 02/26/2026 3 02/22/2024 Books